BABYMONSTER - Une lettre, une chanson - Statistiques

Statistiques générales
  • Ce quiz a été pris 222 fois
  • Le résultat moyen est 9 sur 12
Statistiques - réponses
Lettres Chansons % Correct
B BATTER UP / BILLIONAIRE
96%
D DREAM / DRIP
95%
W WE GO UP / WILD / Woke Up In Tokyo
93%
S SHEESH / SUPA DUVA LUV / Stuck in the Middle
88%
L LIKE THAT / Love In My Heart / Love, Maybe
86%
F FOREVER
82%
P PSYCHO
78%
C CLIK CLAK
75%
R Really Like You
70%
H HOT SAUCE
67%
G Ghost
59%
M MONSTERS (Intro)
52%
Aucun quiz correspondant
Distribution des résultats
% des personnes avec chaque résultat
Percentile par nombre de réponses
Votre historique - résultats
Vous n’avez pas pris ce quiz